000 00616nam a22001337a 4500
003 OSt
005 20160227153320.0
008 160227b xxu||||| |||| 00| 0 eng d
040 _cRUA
082 _aVEM NOR 2014 B435 O.1
245 _aEpidemiological survey on infectious disease of cattle in samraong tong district, kampong speu province, អង្កេតពីការរាតល្បាត​ជំងឺឆ្លងគោដែលជួបប្រទះនៅក្នុងស្រុកសំរោងទង ខេត្តកំពង់ស្ពឺ
300 _aix,44p.
_bill.
_c29cm.
942 _2ddc
_cVEM
999 _c7179
_d7179